01582nam a2200313 a 4500001001000000005001700010008004100027041000800068044000800076084002000084100004500104245019200149250000600341260003000347300002200377500021000399500009700609500017000706500002900876500001000905546002400915650005200939650005600991650003401047650004501081700005001126700004301176740004901219BRCA_322520190320204155.0040309s1782----enka---###---#000-0#eng-# aeng aenk a526b.S77c17821 aCervantes Saavedra, Miguel ded1547-161610aThe History and Adventures of the Renowned Don QuixotecTranslated from the Spanish of Miguel de Cervantes Saavedra to which is Prefixed some Account of the Author´s Life by T. Smollett. a5 aLondresbW. Strahanc1782 a4 v.bil.c18 cm. aContenido : v.1. Primera parte. Vida de Cervantes por el traductor. Nota del traductor. Prólogo del autor. -- v.2. Texto. -- v.3. Segunda parte. Prólogo del autor. Aprobaciones. Licencia. -- v.4. Texto aEdición : Illustrated with 28 new Copper-Plates, Designed by Hayman and Elegantly Engraved aQuinta edición de la traducción de Smollett, copia de la cuarta, publicada en 1770, por los mismos editores. Piel; lomeras decoradas con dorados Lúdovik Osterc aCon ex-libris de : Minto aQM421 aTexto en : inglés14aNovela españolayÉpoca clásica, 1500-170014aLiteratura españolayÉpoca clásica, 1500-170014aNovela españolaySiglo XVII14aDon Quijote (Personaje ficticio)eNovela1 aSmollett, Tobias Georged1721-1771eTraductor1 aHayman, Francisd1708-1776eIlustrador0 aEl Ingenioso Hidalgo Don Qujote de la Mancha